<?xml version="1.0" encoding="UTF-8"?>
<collection xmlns="http://www.loc.gov/MARC21/slim">
  <record>
    <leader>00000nam  2200000   4500</leader>
    <controlfield tag="001">INLIS000000000020638</controlfield>
    <controlfield tag="005">20250725035230</controlfield>
    <datafield tag="035" ind1="#" ind2="#">
      <subfield code="a">0010-0725000168</subfield>
    </datafield>
    <controlfield tag="007">ta</controlfield>
    <controlfield tag="008">250725################|##########|#|##</controlfield>
    <datafield tag="084" ind1="#" ind2="#">
      <subfield code="a">R 0022 PKA 2024</subfield>
    </datafield>
    <datafield tag="100" ind1=" " ind2="#">
      <subfield code="a">Wan Abdul Halim</subfield>
    </datafield>
    <datafield tag="245" ind1="1" ind2="#">
      <subfield code="a">Optimalisasi Peran Komunitas Media Sosial dalam Rangka Menunjang Perkembangan Pariwisata Natuna /</subfield>
      <subfield code="c">Wan Abdul Halim</subfield>
    </datafield>
    <datafield tag="260" ind1="#" ind2="#">
      <subfield code="a">Jakarta :</subfield>
      <subfield code="b">Pusbangkom Pimnas dan Manajerial ASN,</subfield>
      <subfield code="c">2024</subfield>
    </datafield>
    <datafield tag="300" ind1="#" ind2="#">
      <subfield code="a">25 hlm. ;</subfield>
      <subfield code="c">30 cm</subfield>
    </datafield>
    <datafield tag="650" ind1="#" ind2="4">
      <subfield code="a">Perkembangan Pariwisata</subfield>
    </datafield>
    <datafield tag="650" ind1="#" ind2="4">
      <subfield code="a">Komunitas Media Sosial</subfield>
    </datafield>
    <datafield tag="520" ind1="#" ind2="#">
      <subfield code="a">Tantangan geografis serta keterbatasan infrastruktur dan aksesibilitas membuat promosi dan pengembangan pariwisata Natuna menjadi kurang optimal. Dalam upaya mengatasi tantangan ini, teknologi digital, khususnya media sosial, menjadi alat yang sangat efektif dalam mempromosikan pariwisata. Media sosial memungkinkan informasi dan pengalaman terkait destinasi wisata tersebar luas dengan cepat dan efisien, menjangkau audiens global yang lebih besar.</subfield>
    </datafield>
    <datafield tag="990" ind1="#" ind2="#">
      <subfield code="a">2024/1.2.3/A/0022</subfield>
    </datafield>
  </record>
</collection>
